Исследование и разработка методики теплового расчета электродвигателей, работающих в динамических режимах; Исследование нагрева асинхронных электродвигателей с высотой оси вращения 112-132 мм при изменении нагрузки по случайным законам: Отчет о НИР; Тема: № 78/72

Bibliografiset tiedot
Yhteisötekijä: Томский политехнический институт (ТПИ) (595)
Muut tekijät: Санников Д. И. (руководитель), Башагуров Ю. М. (исполнитель)
Kieli:venäjä
Julkaistu: Томск, 1974
Aiheet:
Aineistotyyppi: Kirja
KOHA link:https://koha.lib.tpu.ru/cgi-bin/koha/opac-detail.pl?biblionumber=174534

MARC

LEADER 00000nbm0a2200000 4500
001 174534
005 20231031164817.0
035 |a (RuTPU)RU\TPU\book\189264 
090 |a 174534 
100 |a 20100129d1974 k y0rusy50 ca 
101 0 |a rus 
102 |a RU 
105 |a a p 001zy 
200 1 |a Исследование и разработка методики теплового расчета электродвигателей, работающих в динамических режимах  |a Исследование нагрева асинхронных электродвигателей с высотой оси вращения 112-132 мм при изменении нагрузки по случайным законам  |e Отчет о НИР  |e Тема: № 78/72  |f Томский политехнический институт (ТПИ) ; руководитель Д. И. Санников ; Ю. М. Башагуров 
210 |a Томск  |d 1974 
215 |a 24 л. 
320 |a Библиогр.: с. 24. 
610 1 |a отчеты о НИР 
610 1 |a электродвигатели 
610 1 |a электродвигатели асинхронные 
610 1 |a тепловой расчет 
610 1 |a разработка методики 
610 1 |a динамические режимы 
610 1 |a нагрев 
610 1 |a вращение 
610 1 |a нагрузки 
610 1 |a случайные законы 
675 |a 621.313.333  |v 3 
702 1 |a Санников  |b Д. И.  |4 673 
702 1 |a Башагуров  |b Ю. М.  |4 677 
712 0 2 |a Томский политехнический институт (ТПИ)  |c (1944-1991)  |2 stltpush  |3 (RuTPU)RU\TPU\col\1123  |4 595 
801 1 |a RU  |b 63413507  |c 20100129 
942 |c BK